书目信息 |
| 题名: |
旅行社OP计调手册
|
|
| 作者: | 熊晓敏 著 | |
| 分册: | ||
| 出版信息: | 北京 中国旅游出版社 2007.04 |
|
| 页数: | 368页 | |
| 开本: | 23cm | |
| 丛书名: | 中国旅行社规范服务丛书 | |
| 单 册: | ||
| 中图分类: | F590.63 | |
| 科图分类: | ||
| 主题词: | 旅行社--lu xing she--企业管理--手册 | |
| 电子资源: | ||
| ISBN: | 978-7-5032-3134-6 | |
| 000 | 00917nam 2200253 450 | |
| 001 | 012008065882 | |
| 005 | 20080807160939.31 | |
| 010 | @a978-7-5032-3134-6@dCNY60.00 | |
| 100 | @a20080807d2007 em y0chiy0120 ea | |
| 101 | 0 | @achi |
| 102 | @aCN@b110000 | |
| 105 | @aa z 000yy | |
| 106 | @ar | |
| 200 | 1 | @a旅行社OP计调手册@Alu xing she OP ji tiao shou ce@f熊晓敏著@Fxiong xiao min zhu |
| 210 | @a北京@c中国旅游出版社@d2007.04 | |
| 215 | @a368页@c图@d23cm | |
| 225 | 2 | @a中国旅行社规范服务丛书@Azhong guo lu xing she gui fan fu wu cong shu |
| 330 | @a本书内容共分七部分,其中包括现代旅行社OP计调的理论篇、技能篇、操作篇、线路解析篇、旅游案例篇、旅游广告篇、附件法律法规篇。 | |
| 410 | 0 | @12001 @a中国旅行社规范服务丛书 |
| 606 | 0 | @a旅行社@Alu xing she@x企业管理@j手册 |
| 690 | @aF590.63@v4 | |
| 701 | 0 | @a熊晓敏@Axiong xiao min@4著 |
| 801 | 0 | @aCN@bQSSK@c20080807 |
| 905 | @b732526-27@dF590.63@eX648@f2 | |
| 旅行社OP计调手册/熊晓敏著.-北京:中国旅游出版社,2007.04 |
| 368页:图;23cm.-(中国旅行社规范服务丛书) |
| ISBN 978-7-5032-3134-6:CNY60.00 |
| 本书内容共分七部分,其中包括现代旅行社OP计调的理论篇、技能篇、操作篇、线路解析篇、旅游案例篇、旅游广告篇、附件法律法规篇。 |
| ● |
| 相关链接 |
|
|
|
正题名:旅行社OP计调手册
索取号:F590.63/X648
 
预约/预借
| 序号 | 登录号 | 条形码 | 馆藏地/架位号 | 状态 | 备注 |
| 1 | 732526 | 207325269 | 社科库409/409社科库 39排3列1层/ [索取号:F590.63/X648] | 在馆 | |
| 2 | 732527 | 207325278 | 社科库409/409社科库 39排3列1层/ [索取号:F590.63/X648] | 在馆 |